[Event "Arvier Grand Paradis op"]
[Site "Arvier"]
[Date "2014.07.23"]
[Round "5"]
[White "Piazza, Giacomo"]
[Black "Bellia, Mario"]
[Result "1-0"]
[WhiteElo "1584"]
[BlackElo "1481"]
[PlyCount "65"]
[EventDate "2014.07.19"]
[EventType "swiss"]
[EventRounds "8"]
[EventCountry "ITA"]
[SourceTitle "EXT 2016"]
[Source "ChessBase"]
[SourceDate "2015.10.08"]
[SourceVersion "1"]
[SourceVersionDate "2015.10.08"]
[SourceQuality "1"]

1. e4 c5 2. Nf3 Nc6 3. d4 cxd4 4. Nxd4 g6 5. Bc4 Ne5 6. Bb3 e6 7. Bf4 Bg7 8. 0-0 a6 9. c4 Ne7 10. Nc3 0-0 11. Qd2 N7c6 12. Nxc6 bxc6 13. Bh6 Bxh6 14. Qxh6 Nd3 15. Qd2 Nc5 16. Bc2 Rb8 17. b3 d6 18. Rfe1 Qc7 19. Qf4 Rd8 20. e5 d5 21. Ne2 Bb7 22. Ng3 Qe7 23. Qg4 Kh8 24. h4 dxc4 25. h5 Nd3 26. Bxd3 cxd3 27. Ne4 c5 28. Nf6 Rd4 29. Qg5 Qf8 30. Re3 Rbd8 31. Rh3 h6 32. hxg6 Bxg2 33. Rxh6+ 1-0

[Event "Arvier Grand Paradis op"]
[Site "Arvier"]
[Date "2014.07.19"]
[Round "1"]
[White "Ciuffoletti, Paolo"]
[Black "Piazza, Giacomo"]
[Result "1-0"]
[WhiteElo "2171"]
[BlackElo "1584"]
[PlyCount "55"]
[EventDate "2014.07.19"]
[EventType "swiss"]
[EventRounds "8"]
[EventCountry "ITA"]
[SourceTitle "EXT 2016"]
[Source "ChessBase"]
[SourceDate "2015.10.08"]
[SourceVersion "1"]
[SourceVersionDate "2015.10.08"]
[SourceQuality "1"]

1. e4 c6 2. d4 d6 3. Nc3 Qc7 4. f4 h6 5. Nf3 Bg4 6. h3 Bh5 7. f5 f6 8. Bc4 d5 9. exd5 Qg3+ 10. Kf1 Bf7 11. Qe2 Qd6 12. Ne4 Qc7 13. dxc6 Bxc4 14. Qxc4 Qxc6 15. Qxc6+ Nxc6 16. d5 Nb4 17. c4 0-0-0 18. Bd2 Nd3 19. Ke2 Nxb2 20. a4 Kb8 21. Rhc1 h5 22. Ra2 Nxc4 23. Rxc4 Rxd5 24. Bf4+ Rd6 25. Rac2 a6 26. Rc8+ Ka7 27. Be3+ Rb6 28. a5 1-0

[Event "Arvier Amatori op 1st"]
[Site "Arvier"]
[Date "2011.01.04"]
[Round "2"]
[White "Piazza, Giacomo"]
[Black "Raineri, Valerio"]
[Result "0-1"]
[WhiteElo "1658"]
[BlackElo "2146"]
[PlyCount "64"]
[EventDate "2011.01.03"]
[EventType "swiss"]
[EventRounds "7"]
[EventCountry "ITA"]
[SourceTitle "EXT 2012"]
[Source "ChessBase"]
[SourceDate "2011.11.24"]
[SourceVersion "1"]
[SourceVersionDate "2011.11.24"]
[SourceQuality "1"]

1. Nf3 Nf6 2. b3 g6 3. Bb2 Bg7 4. c4 d6 5. e3 e5 6. d3 c6 7. Nbd2 0-0 8. Be2 Na6 9. a3 Nc7 10. e4 Ne6 11. g3 Ne8 12. Qc2 a5 13. h4 N8c7 14. a4 Na6 15. Ba3 Nac5 16. Bb2 Bd7 17. h5 Qe7 18. Nh4 b5 19. Ndf3 bxa4 20. bxa4 Rfb8 21. hxg6 fxg6 22. Bd1 Rxb2 23. Qc3 Rb4 24. Nd2 Nd4 25. Ng2 Rf8 26. 0-0 Qf6 27. f4 exf4 28. e5 Qxe5 29. Qc1 Nxd3 30. Qa3 Nb2 31. Re1 Qc5 32. Re7 Ne2+ 0-1

[Event "Arvier Amatori op 1st"]
[Site "Arvier"]
[Date "2011.01.03"]
[Round "1"]
[White "Barazzetta, Massimo"]
[Black "Piazza, Giacomo"]
[Result "0-1"]
[WhiteElo "2022"]
[BlackElo "1658"]
[PlyCount "78"]
[EventDate "2011.01.03"]
[EventType "swiss"]
[EventRounds "7"]
[EventCountry "ITA"]
[SourceTitle "EXT 2012"]
[Source "ChessBase"]
[SourceDate "2011.11.24"]
[SourceVersion "1"]
[SourceVersionDate "2011.11.24"]
[SourceQuality "1"]

1. e4 d6 2. d4 g6 3. f4 Bg7 4. Nf3 Nd7 5. Bc4 e6 6. 0-0 Ne7 7. Qe2 a6 8. c3 c6 9. Bb3 b5 10. Ng5 h6 11. Nxf7 Kxf7 12. f5 Nf6 13. fxg6+ Kg8 14. e5 dxe5 15. dxe5 Nfd5 16. Qe4 Nf5 17. a4 Bb7 18. c4 bxc4 19. Bxc4 a5 20. Ra3 Ba6 21. Bxa6 Rxa6 22. Raf3 Nde7 23. Rd3 Qe8 24. Qc4 Qxg6 25. Qxa6 Bxe5 26. Rff3 Kh7 27. Qc4 Rg8 28. g3 Nd6 29. Qc2 Bd4+ 30. Kg2 c5 31. Nc3 c4 32. Rd2 Nef5 33. Kh1 e5 34. Rg2 Re8 35. Ne4 Nxe4 36. Rxf5 Qxf5 37. Qxc4 Nf2+ 38. Rxf2 Qxf2 39. Qc7+ Kh8 0-1

[Event "Ivrea op 14th"]
[Site "Ivrea"]
[Date "2010.03.20"]
[Round "3"]
[White "Finocchiaro, Gianluca"]
[Black "Piazza, Giacomo"]
[Result "1-0"]
[WhiteElo "2097"]
[BlackElo "1634"]
[PlyCount "57"]
[EventDate "2010.03.19"]
[EventType "swiss"]
[EventRounds "5"]
[EventCountry "ITA"]
[SourceTitle "EXT 2024"]
[Source "ChessBase"]
[SourceDate "2023.10.10"]
[SourceVersion "1"]
[SourceVersionDate "2023.10.10"]
[SourceQuality "1"]

1. e4 c6 2. d4 g6 3. Nc3 d5 4. e5 Nh6 5. h3 Bg7 6. Nf3 0-0 7. Bd3 Nd7 8. Be3 f5 9. Qd2 e6 10. Bxh6 Bxh6 11. Qxh6 Rf7 12. h4 Qe7 13. 0-0-0 Nf8 14. h5 b5 15. hxg6 Nxg6 16. g4 Rg7 17. gxf5 exf5 18. Rdg1 Bd7 19. Nh4 Nxh4 20. Rxg7+ Qxg7 21. Qxg7+ Kxg7 22. Rxh4 Rf8 23. Ne2 Be8 24. Nf4 Bd7 25. Nh5+ Kg6 26. Nf6 Rf7 27. f4 a5 28. Rh5 Be6 29. Rg5+ 1-0

[Event "Ivrea op 14th"]
[Site "Ivrea"]
[Date "2010.03.19"]
[Round "1"]
[White "Caresana, Alessandro"]
[Black "Piazza, Giacomo"]
[Result "1-0"]
[WhiteElo "1994"]
[BlackElo "1634"]
[PlyCount "31"]
[EventDate "2010.03.19"]
[EventType "swiss"]
[EventRounds "5"]
[EventCountry "ITA"]
[SourceTitle "EXT 2024"]
[Source "ChessBase"]
[SourceDate "2023.10.10"]
[SourceVersion "1"]
[SourceVersionDate "2023.10.10"]
[SourceQuality "1"]

1. d4 Nf6 2. Nf3 g6 3. Bg5 Bg7 4. Nc3 c6 5. e4 h6 6. Bh4 b5 7. e5 Nd5 8. Qd2 a6 9. Bd3 Qb6 10. 0-0 e6 11. Ne4 Ne7 12. Nd6+ Kf8 13. Bxe7+ Kg8 14. Nxc8 Qc7 15. Nd6 c5 16. Qf4 1-0